Historiske personer fra eldre og nyere historie - Lang - Statistics

General Stats
  • This quiz has been taken 13 times
  • The average score is 37 of 105
Answer Stats
Hint Answer % Correct
Tysk diktator i Nazi-Tyskland, 1933-45 Adolf Hitler
83%
Amerikansk president, 2009-17, USAs første sorte president Barack Obama
75%
Italiensk fascist som var diktator, 1922-43 Benito Mussolini
75%
Italiener som oppdaget Amerika for den spanske dronningen i 1492 Christoffer Columbus
75%
Norsk fascist og leder i partiet Nasjonal Samling, 1933-45 Vidkun Quisling
75%
Russisk statsleder siden 1999 Vladimir Putin
75%
Britisk statsminister under andre verdenskrig Winston Churchill
75%
Amerikansk president, 2001-09, under 9/11-angrepene George W. Bush
67%
Amerikansk president, 1961-63, under Cubakrisen John F. Kennedy
67%
Den viktigste kongen for kristendommen i Norge, døde i 1030 Olav den hellige
67%
Den første keiseren i Romerriket, nevøen til den forrige Augustus
58%
Amerikansk president, 1933-45, under depresjonen og WWII Franklin D. Roosevelt
58%
Georgisk bolsjevik som ble diktator i Sovjetunionen Josef Stalin
58%
Indisk forkjemper for avkoloniseringen av India Mahatma Gandhi
58%
Kinesisk kommunistdiktator, 1949-76 Mao Zedong
58%
Sør-afrikansk forkjemper mot apartheid og for demokrati, president 1994-99 Nelson Mandela
58%
Russisk bolsjevik og kommunistleder som tok makten i Russland Vladimir Lenin
58%
Gresk konge av Makedonia som erobret Perserriket Aleksander den store
50%
Norsk statsminister fra Arbeiderpartiet, 1945-51, 55-65, landsfaderen Einar Gerhardsen
50%
Den første amerikanske presidenten fra 1789 George Washington
50%
Norges første kvinnelige statsminister, fra Arbeiderpartiet Gro Harlem Brundtland
50%
Engelsk vitenskapsmann, kjent for fysikkens bevegelseslover og tyngdekraft Isaac Newton
50%
Den tyske oppfinneren av boktrykkerkunsten, ca. 1450 Johann Gutenberg
50%
Romersk general og diktator som ble myrdet Julius Caesar
50%
Fransk general, statsleder og keiser, 1700-1800-tallet Napoleon Bonaparte
50%
Saudi-arabisk islamistisk terrorist, drept i 2011 Osama bin Laden
50%
Amerikansk president, 1981-89, gjorde fred med Sovjetunionen Ronald Reagan
50%
Greker, den vestlige filosofiens far, kjent for sin metode Sokrates
50%
Amerikansk, forfatter av Uavhengighetserklæringen i 1776 Thomas Jefferson
50%
Den engelske dronningen på 1800-tallet, ble keiserinne av India Victoria
50%
Spansk general og fascistisk diktator, 1939-75 Francisco Franco
42%
Norges første konge i 872 Harald Hårfagre
42%
Tysker, den nazistiske lederen av SS Heinrich Himmler
42%
Den største italienske renessansemannen og maleren Leonardo da Vinci
42%
Britisk statsminister under høyebølgen, 1979-90 Margaret Thatcher
42%
Greker, den vestlige filosofiens medgrunnlegger, skrev Staten Platon
42%
Amerikansk president, 1969-74, trakk USA ut av Vietnamkrigen Richard Nixon
42%
Iraks diktator, ca. 1975-2003 Saddam Hussein
42%
Den siste russiske keiseren, abdiserte 1917, drept 1918 Tsar Nikolaj II
42%
Den amerikanske presidenten, 1913-21 Woodrow Wilson
42%
Cubansk kommunistdiktator, 1959-2008 Fidel Castro
33%
Den siste norske vikingkongen som døde i England i 1066 Harald Hardråde
33%
Greker som skrev Iliaden og Odysseen, 700-tallet f.v.t. Homer
33%
Frankisk keiser fra 800, den største monarken i middelalderen Karl den store
33%
Den romerske keiseren som konverterte til kristendommen Konstantin den store
33%
Den franske eneveldige kongen på 1600-1700-tallet Louis XIV
33%
Tysker, reformasjonens far i 1517, grunnla protestantisme Martin Luther
33%
Sovjetisk statsleder, 1985-91, kjent for reformer og kalde krigens slutt Mikhail Gorbatsjov
33%
Den engelske diktatoren som styrte England som republikk, 1653-58 Oliver Cromwell
33%
Tysk statsmann i Preussen som samlet Tyskland til et keiserrike i 1871 Otto von Bismarck
33%
Islansk sagaforfatter på 1200-tallet Snorre
33%
Fransk politisk filosof, ytringsfrihet Voltaire
33%
Palestinsk nasjonalist og motstandsleder i PLO, 1969-2004 Yasser Arafat
33%
Greker, den vestlige filosofiens medgrunnlegger, logikkens far Aristoteles
25%
Russisk president etter kommunismens fall Boris Jeltsin
25%
Grunnleggeren av det mongolske keiserriket på 1200-tallet Dsjengis Khan
25%
Kaptein under den første jordomseilingen, døde underveis, 1519-21 Ferdinand Magellan
25%
Østeriksk erkehertug myrdet i 1914 Franz Ferdinand
25%
Italiensk fysiker og astronom, den moderne vitenskapens far Galileo Galilei
25%
Egyptisk statsleder og arabisk sosialist, 1952-70 Gamal Abdel Nasser
25%
Babylonsk konge, lovkodeks i 1750 f.v.t. Hammurabi
25%
Første amerikanske president under den kalde krigen Harry S. Truman
25%
Engelsk konge som innførte protestantismen, far til Elizabeth I Henry VIII
25%
Tysk sjef for Luftwaffe, øverste nazist etter Hitler Hermann Göring
25%
Den spanske conquistadoren som erobret Aztekerriket, 1519-21 Hernan Cortes
25%
Japansk keiser under andre verdenskrig Hirohito
25%
Første statsminister i Norge etter innføring av parlamentarisme i 1884 Johan Sverdrup
25%
Tysk sjef (reichskommissar) for okkupasjonen av Norge, 1940-45 Josef Terboven
25%
Norges statsminister under høyrebølgen, 1981-86 Kåre Willoch
25%
Fransk general som ble svensk kronprins og senere konge av Norge Karl Johan
25%
Tysk politisk filosof som grunnla moderne politisk sosialisme, 1848 Karl Marx
25%
Russisk bolsjevik og leder av den røde armé Lev Trotskij
25%
Amerikansk president, 1963-69, under Vietnamkrigen Lyndon B. Johnson
25%
Fransk diktator under republikkens radikale periode, 1793-94 Maximilien Robespierre
25%
Fransk politisk filosof, maktfordelingsprinsippet Montesquieu
25%
Polsk astronom som fremmet det heliosentriske verdensbildet Nicolaus Copernicus
25%
Fransk-sveitsisk politisk filosof, folkesuverenitet Rousseau
25%
Greker, naturfilosofiens far Thales
25%
Gresk matematiker, ingeniør og oppfinner Arkimedes
17%
Iransk islamistisk diktator, 1979-89 Ayatollah Khomeini
17%
Britisk kolonibygger i sørlige Afrika, slutten av 1800-tallet Cecil Rhodes
17%
Romersk filosof og statsmann Cicero
17%
Styrtrik bankmann i renessansens Firenze, 1400-tallet Cosimo de Medici
17%
Den engelske dronningen, 1558-1603, gjorde England til kolonimakt Elizabeth I
17%
Engelsk feminist og suffragett-leder som kjempet for kvinners stemmerett Emmeline Pankhurst
17%
Tysk general, kjent fra krigføringen i Nord-Afrika Erwin Rommel
17%
Greker, geometriens far Euklid
17%
Japansk general og statsminister, 1941-44 Hideki Tojo
17%
Fransk grunnlegger av egen type protestantisme i Sveits Jean Calvin
17%
Tysk astronom som oppdaget planetenes bevegelseslover, 1600-tallet Johannes Kepler
17%
Norsk statsminister fra Arbeiderpartiet, 1935-45 Johan Nygaardsvold
17%
Engelsk politisk filosof som stod for parlamentarisk styre fra 1689 John Locke
17%
Konge i det selvstendige Norge i 1814 Kristian Fredrik
17%
Italiener, statsvitenskapens far under renessansen på 1500-tallet Niccolo Machiavelli
17%
Sovjetisk statsleder etter Stalin, 1953-64 Nikita Khrusjtsjov
17%
Norsk konge under borgerkrigstiden på 1100-tallet Sverre
17%
Normanner som erobret England i 1066 Vilhelm erobreren
17%
Den engelske kongen som ble henrettet i 1649 Charles I
8%
Gresk filosof og vitenskapsmann, stod for atomisme Demokrit
8%
Italiener som kalles humanismens far, 1300-tallet Francesco Petrarca
8%
Bosnisk serber og jugoslavisk nasjonalist som myrdet den forrige Gavrilo Princip
8%
Greker, historieskrivingens far Herodot
8%
Den store monarken fra østerrikske Habsburg-dynastiet, født 1500 Karl V
8%
Norsk radikal leder i Arbeiderpartiet i mellomkrigstiden Martin Tranmæl
8%
Den første keiseren i Mesopotamia, 2300 f.v.t. Sargon av Akkad
8%
No matching quizzes found
Score Distribution
Percent of People with Each Score
Percentile by Number Answered
Your Score History
You have not taken this quiz